Histoire de Belgique pour les nuls - Statistiques

Statistiques générales
  • Ce quiz a été pris 6 336 fois
    6 304 depuis la dernière actualisation
  • Le résultat moyen est 12 sur 20
Statistiques - réponses
Question Réponse % Correct
De quel pays la Belgique acquiert son indépendance en 1830? Pays-Bas
96%
Dans quelle ville la Commission européenne est installée depuis les années 50? Bruxelles
89%
De quel pays voisin était-il originaire? Allemagne
88%
Quel dirigeant français perdit une importante bataille à Waterloo? Napoléon Ier
86%
Quel pays actuel devient indépendant de la Belgique en 1960? RD Congo
84%
Quel instrument, prisé par Scott Hamilton, fut inventé par le belge Adolphe Sax? Saxophone
79%
Quel monument vit le jour lors de l'Exposition Universelle de 1958? L'Atomium
69%
Quelle statue fut sculptée par Jérôme Duquesnoy l'Ancien et est un symbole de Bruxelles aujourd'hui? Le Manneken Pis
66%
Qui fut le premier roi de Belgique? Léopold I
65%
Quel roi eut le plus long règne? Léopold II
62%
Lors de quel conflit la bataille d'Ypres fut-elle un évènement majeur? La Première Guerre Mondiale
58%
Quel évènement de l'Univers fut théorisé en partie pour la première fois par le scientifique belge George Lemaître? Le Big Bang
55%
Quelle union économique a été créée en 1944 avec deux pays voisins? Benelux
51%
Quel roi était surnommé le "Roi Chevalier"? Albert Ier
41%
Dans quelle ville belge naquit Charles Quint? Gand
38%
Quel poète tira sur Rimbaud lors d'un séjour en Belgique? Paul Verlaine
36%
Dans quelle ville le gouvernement belge s'exila lors de la Deuxième Guerre Mondiale? Londres
34%
Quelle ville wallonne fut la première Capitale du Royaume des Francs? Tournai
25%
Quel duché récupéra les territoires de Belgique à l'issue de la Guerre de Cent Ans? Le Duché de {Bourgogne}
19%
De quel territoire Bruxelles était-elle la Capitale sous l'Ancien Régime de France? Le Duché de {Brabant}
19%
Aucun quiz correspondant
Distribution des résultats
% des personnes avec chaque résultat
Percentile par nombre de réponses
Votre historique - résultats
Vous n’avez pas pris ce quiz depuis la dernière actualisation